| 000 -LEADER |
| fixed length control field |
00808nam a2200229Ia 4500 |
| 020 ## - INTERNATIONAL STANDARD BOOK NUMBER |
| ISBN |
0673596478 |
| 020 ## - INTERNATIONAL STANDARD BOOK NUMBER |
| ISBN |
0673596281 (t.ed., v.1) |
| 020 ## - INTERNATIONAL STANDARD BOOK NUMBER |
| ISBN |
0673596648 (t.ed., v.2) |
| 040 ## - CATALOGING SOURCE |
| Transcribing agency |
KMM |
| 082 ## - DEWEY DECIMAL CLASSIFICATION NUMBER |
| Classification number |
428 SCO 2000 A023 Or. |
| 245 00 - TITLE STATEMENT |
| Title |
Scott, Foresman reading. |
| Remainder of title |
Fantastic voyage / |
| 246 30 - VARYING FORM OF TITLE |
| Title proper/short title |
Reading. |
| 246 30 - VARYING FORM OF TITLE |
| Title proper/short title |
Fantastic voyage |
| 260 ## - PUBLICATION, DISTRIBUTION, ETC. (IMPRINT) |
| Place of publication |
Glenview, IL : |
| Name of publisher |
Scott, Foresman and Company, |
| Year of publication |
c2000. |
| 300 ## - PHYSICAL DESCRIPTION |
| Number of Pages |
672 p. : |
| Other physical details |
ill. ; |
| Dimensions |
29 cm. + |
| Accompanying material |
multimedia teacher's edition (2 v. : ill. ; 31 cm.). |
| 500 ## - GENERAL NOTE |
| General note |
First volume contains Teacher's resource planner preview and Teacher's technology companion preview CD-ROM discs. |
| 650 #0 - SUBJECT ADDED ENTRY--TOPICAL TERM |
| Topical Term |
Reading (Elementary) |
| 650 #0 - SUBJECT ADDED ENTRY--TOPICAL TERM |
| Topical Term |
Readers (Elementary) |
| 700 1# - ADDED ENTRY--PERSONAL NAME |
| Personal name |
Afflerbach, Peter. |
| 710 2# - ADDED ENTRY--CORPORATE NAME |
| Corporate name or jurisdiction name as entry element |
Scott, Foresman and Company. |
| 942 ## - ADDED ENTRY ELEMENTS (KOHA) |
| Koha item type |
សៀវភៅភាសាអង់គ្លេស |
| 952 ## - LOCATION AND ITEM INFORMATION (KOHA) |
| Withdrawn status [LOCAL, KOHA] |
0 |